000
00309nam a2200121Ia 4500
008
190216s9999||||xx |||||||||||||| ||und||
100
_a
Samuel H Maron &carl F Prutton
245
0
_a
Principles Of Physical Chemistry
260
_b
Oxford & I B H
_c
1958
300
_a
886p
650
_a
Chemistry
942
_c
BK
999
_c
2028
_d
2028